| 000 | 00744nam a2200229Ia 4500 | ||
|---|---|---|---|
| 999 |
_c35997 _d35997 |
||
| 001 | 1896 | ||
| 003 | GE_BSU | ||
| 005 | 20221006122841.0 | ||
| 008 | 181216s2006ru xx |||||||||||||| ||rus|| | ||
| 020 | _a5222077349 | ||
| 040 | _cGE_BSU | ||
| 041 | _arus | ||
| 080 | _a34(09) Ю-70 | ||
| 245 |
_aЮрдический ловарь / _bПод. общ. ред. В.Т. Гайкова |
||
| 250 | _bИзд. 2-е,доп. и перер. | ||
| 264 |
_aРостов Н\Д : _bФеникс, _c2006. |
||
| 300 |
_a352 с. : _b20 см. |
||
| 653 | _aЮрдический ловарь. | ||
| 653 | _aიურიდიული ლექსიკონი. | ||
| 700 |
_a Гайкова, В.Т. _eრედაქტორი _915088 |
||
| 942 |
_cBK _2udc |
||